Trvalo šťastný dokáže byť iba imbecil Miroslav Plzák: Partnerstvo by nemalo byť kotlom, v ktorom ...

Bibliographic Details
Main Authors: Janík, Branislav (ain), Plzák, Miroslav, 1925-2010 (Author, uin)
Format: Article
Language:Slovak
Subjects:

MARC

LEADER 00000nab a2200000 a 4500
001 vtls000831393
003 SK-MaSNL
005 20260302163756.0
008 160321c2003 xo 0 slo
015 |a SNBRB2003/04-10586 
035 |a CLN000183048 
040 |a SNKBUCL  |b slo  |c SNKBUCL  |e AACR2 
041 0 |a slo 
044 |a xo  |c SK 
080 |a 159.9-051  |2 UDC-MRF-SK2 
080 |a 929 Plzák, Miroslav  |2 UDC-MRF-SK2 
080 |a 347.62  |2 UDC-MRF-SK2 
080 |a 173  |2 UDC-MRF-SK2 
100 1 |a Janík, Branislav  |4 ain  |9 838464 
245 1 0 |a Trvalo šťastný dokáže byť iba imbecil  |b Miroslav Plzák: Partnerstvo by nemalo byť kotlom, v ktorom ...  |c [zhováral sa] Jozef Nagy 
300 |b Fotogr. 
600 1 7 |a Plzák, Miroslav  |d 1925-2010  |2 snkbucl  |9 92456 
650 0 7 |a manželstvo  |2 snkbucl  |9 659 
655 7 |a články z novín a časopisov  |2 snkbucl  |9 267496 
700 1 |a Plzák, Miroslav,  |d 1925-2010  |4 aut  |4 uin  |9 92456 
773 0 |x 1335-4671  |t Národná obroda  |g Roč. 14, č. 56 (8.3.2003) 
773 0 |x 1335-4671  |t [Príl.] Víkend  |g S. II 
850 |a Slovenská národná knižnica v Martine 
852 |a SNK  |b KIS3GCP 
958 |a CZ 
958 |a BC 
999 |c 1384521  |d 1386451